|
|
|
|
| LEADER |
01541nam a22003494a 4500 |
| 001 |
38559 |
| 003 |
BD-DhAAL |
| 005 |
20220516105930.0 |
| 008 |
220516t2003 dcua b 001 0 eng d |
| 999 |
|
|
|c 44175
|d 44175
|
| 010 |
|
|
|a 2003053503
|
| 020 |
|
|
|a 0821351834
|
| 040 |
|
|
|a DLC
|c DLC
|d DLC
|d BD-DhAAL
|
| 042 |
|
|
|a pcc
|
| 043 |
|
|
|a dd-----
|
| 050 |
0 |
0 |
|a LB2822.75
|b .M56 2003
|
| 082 |
0 |
0 |
|a 379.158091724
|2 21
|
| 100 |
1 |
|
|a Mingat, Alain.
|9 48406
|
| 245 |
1 |
0 |
|a Tools for education policy analysis /
|c Alain Mingat, Jee-Ping Tan with Shobhana Sosale.
|
| 260 |
|
|
|a Washington, DC :
|b World Bank,
|c c2003.
|
| 300 |
|
|
|a xv, 303 pages :
|b illustrations ;
|c 26 cm. +
|e 1 CD-Rom (4 3/4 in.)
|
| 504 |
|
|
|a Includes bibliographical references and index.
|
| 541 |
|
|
|a Donated By Akbar Ali Khan
|e 38559
|
| 650 |
|
0 |
|a Educational evaluation
|x Methodology.
|9 48407
|
| 650 |
|
0 |
|a Educational evaluation
|z Developing Countries.
|9 48408
|
| 650 |
|
0 |
|a Education
|z Developing countries
|x Cost effectiveness.
|9 48409
|
| 700 |
1 |
|
|a Tan, Jee-Peng,
|d 1954-
|9 48410
|
| 700 |
1 |
|
|a Sosale, Shobhana,
|d 1963-
|9 48411
|
| 852 |
|
|
|a Ayesha Abed Library
|c Akbar Ali Khan Collection
|
| 942 |
|
|
|2 ddc
|c BK
|
| 952 |
|
|
|0 0
|1 0
|2 ddc
|4 0
|6 379_158091724000000_MIN
|7 1
|9 70611
|a BRACUL
|b BRACUL
|c AAKC
|d 2022-05-16
|e Donated by Akbar Ali Khan
|l 0
|o 379.158091724 MIN
|p 3010038559
|r 2022-05-16
|t 1
|w 2022-05-16
|y BK
|
| 952 |
|
|
|0 0
|1 0
|2 ddc
|4 0
|6 379_158091724000000_MIN
|7 1
|9 70613
|a BRACUL
|b BRACUL
|c AAKC
|d 2022-05-16
|e Donated by Akbar Ali Khan
|l 0
|o 379.158091724 MIN
|p 4010038559
|r 2022-05-16
|t 1
|w 2022-05-16
|y AV
|